00834nam a2200217Ia 4500001002400000003000900024008004100033040002300074041001300097100002100110240009000131245011400221250001500335260003000350300002500380490003200405501012400437520001000561700002800571700001700599265.34-SCH jo sc (3035)IT-MiSPE171229s9999||||xx |||||||||||||| ||und|| aIT-MiSPEcIT-MiSPE aITALIANO aJosef Schreiner  aDie alttestamentliche Lesungen der Sonn- und Festtage: Auslegung un Verkündigung: B 0aScoprire l'Antico TestamentobII. Commento delle letture veterotestamentarie domenicali e festive dell'anno B a1a ed. (v) aModenabEd. Paolinec1972 a811 p. [3 v.]c21 cm a Proclamare la parolav 2° aEdizioni San Paolo srl - Piazza Soncino, 5 - 20092 CINISELLO BALSAMO (MI) (non commercial uses only) ® Copyright 2018 aAA.VV aA. Friolig(traduzione) aErich Zenger